[Event "CSS-ch U16"]
[Site "Svetla nad Sazavou"]
[Date "1995.??.??"]
[Round "?"]
[White "Nadrchal, Pavel"]
[Black "Forman, Stepan"]
[Result "1/2-1/2"]
[WhiteElo "1665"]
[BlackElo "1935"]
[PlyCount "116"]
[EventDate "1995.??.??"]
[EventType "swiss"]
[EventRounds "9"]
[EventCountry "CZE"]
[SourceTitle "EXT 2001"]
[Source "ChessBase"]
[SourceDate "2000.11.22"]
[SourceVersion "1"]
[SourceVersionDate "2000.11.22"]
[SourceQuality "1"]

1. d4 Nf6 2. c4 e5 3. dxe5 Ng4 4. Nf3 Nc6 5. e3 Ngxe5 6. Be2 Bc5 7. 0-0 0-0 8. Nbd2 d6 9. Qc2 Qf6 10. a3 a5 11. Nxe5 Nxe5 12. Nf3 Bf5 13. e4 Bg6 14. Nxe5 Qxe5 15. Bd3 Rae8 16. Bd2 Bd4 17. Rfe1 Qc5 18. Be3 Bxe3 19. Rxe3 Re5 20. Rae1 Rfe8 21. Kf1 c6 22. a4 f6 23. b3 Qd4 24. R3e2 d5 25. cxd5 cxd5 26. f3 b6 27. Rd1 Qb4 28. Rde1 dxe4 29. Bxe4 Bxe4 30. Rxe4 Rxe4 31. Rxe4 Rxe4 32. Qxe4 Qxe4 33. fxe4 Kf7 34. Ke2 Ke6 35. Kd3 Kd6 36. Kd4 h5 37. g3 g5 38. h4 g4 39. Kd3 Ke6 40. Kd4 Kd6 41. Kd3 Kc5 42. Kc3 b5 43. axb5 Kxb5 44. Kd3 Kb4 45. Kc2 Kb5 46. Kd3 Kc5 47. Kc3 Kd6 48. Kd3 Ke6 49. Kd4 Kd6 50. Kc4 Ke5 51. Kd3 Ke6 52. Kd4 Kd6 53. Kc4 Kc6 54. Kd4 Kb5 55. Kc3 Kc5 56. Kd3 Kb4 57. Kc2 Ka3 58. Kc3 Ka2 1/2-1/2

[Event "CSS-ch U16"]
[Site "Svetla nad Sazavou"]
[Date "1995.??.??"]
[Round "?"]
[White "Nadrchal, Pavel"]
[Black "Pavelka, Vladimir"]
[Result "1/2-1/2"]
[WhiteElo "1665"]
[BlackElo "1735"]
[PlyCount "44"]
[EventDate "1995.??.??"]
[EventType "swiss"]
[EventRounds "9"]
[EventCountry "CZE"]
[SourceTitle "EXT 2001"]
[Source "ChessBase"]
[SourceDate "2000.11.22"]
[SourceVersion "1"]
[SourceVersionDate "2000.11.22"]
[SourceQuality "1"]

1. c4 g6 2. d4 Bg7 3. Nc3 d6 4. e4 Nd7 5. Be2 Ngf6 6. b4 0-0 7. Be3 c6 8. h3 Qc7 9. Nf3 Ne8 10. 0-0 f5 11. exf5 Rxf5 12. Ng5 Nf8 13. Bg4 Rf6 14. Nce4 Bxg4 15. hxg4 Qd7 16. Nxf6+ exf6 17. Ne4 f5 18. gxf5 Qxf5 19. Ng3 Qd7 20. Qf3 Ne6 21. d5 cxd5 22. cxd5 Bxa1 1/2-1/2

[Event "CSS-ch U16"]
[Site "Svetla nad Sazavou"]
[Date "1995.??.??"]
[Round "?"]
[White "Nadrchal, Pavel"]
[Black "Prokop, Jan"]
[Result "0-1"]
[WhiteElo "1665"]
[BlackElo "1790"]
[PlyCount "60"]
[EventDate "1995.??.??"]
[EventType "swiss"]
[EventRounds "9"]
[EventCountry "CZE"]
[SourceTitle "EXT 2001"]
[Source "ChessBase"]
[SourceDate "2000.11.22"]
[SourceVersion "1"]
[SourceVersionDate "2000.11.22"]
[SourceQuality "1"]

1. e4 d6 2. d4 Nf6 3. Nc3 g6 4. f3 Bg7 5. Be3 c6 6. Rb1 0-0 7. Nge2 Qc7 8. Ng3 Nbd7 9. Be2 e5 10. d5 Nb6 11. 0-0 Re8 12. Qd2 Bd7 13. b3 cxd5 14. Nxd5 Nfxd5 15. exd5 f5 16. f4 e4 17. c4 Re7 18. Rbd1 Be8 19. Rc1 Nd7 20. h3 b6 21. b4 Rc8 22. c5 bxc5 23. bxc5 Rd8 24. cxd6 Qxd6 25. Rc6 Qb8 26. Rfc1 Nb6 27. Bxb6 axb6 28. Qb4 Ra7 29. Rxb6 Qxf4 30. Qe1 Bd4+ 0-1